Catálogo
 En Linea

Economía, política e investigación social. / (Registro nro. 54134)

Detalles MARC
000 -CABECERA
campo de control de longitud fija 01867nam a2200277 i 4500
003 - IDENTIFICADOR DEL NÚMERO DE CONTROL
campo de control DO-SdBNP
005 - FECHA Y HORA DE LA ÚLTIMA TRANSACCIÓN
campo de control 20230710140716.0
006 - CÓDIGOS DE INFORMACIÓN DE LONGITUD FIJA--CARACTERÍSTICAS DEL MATERIAL ADICIONAL
campo de control de longitud fija a||||fr|||| 00| 0
007 - CAMPO FIJO DE DESCRIPCIÓN FÍSICA--INFORMACIÓN GENERAL
campo de control de longitud fija ta
008 - DATOS DE LONGITUD FIJA--INFORMACIÓN GENERAL
campo de control de longitud fija 230707e1974 dr ||||| |||| 00| 0 spa d
040 ## - FUENTE DE LA CATALOGACIÓN
Centro catalogador/agencia de origen DO-SdBNP
Lengua de catalogación spa
Centro/agencia transcriptor BNPHU
Normas de descripción rda
082 #4 - NÚMERO DE LA CLASIFICACIÓN DECIMAL DEWEY
Número de edición 22
Número de documento/Ítem E19p 1975
245 00 - MENCIÓN DE TÍTULO
Título Economía, política e investigación social. /
Mención de responsabilidad, etc. recopilación Luis Gómez.
250 ## - MENCIÓN DE EDICIÓN
Mención de edición 2da. edición
264 #1 - PRODUCCIÓN, PUBLICACIÓN, DISTRIBUCIÓN, FABRICACIÓN Y COPYRIGHT
Producción, publicación, distribución, fabricación y copyright Santo Domingo :
Nombre del de productor, editor, distribuidor, fabricante Alfa y Omega,
Fecha de producción, publicación, distribución, fabricación o copyright 1975
300 ## - DESCRIPCIÓN FÍSICA
Extensión 216 páginas :
Otras características físicas Ilustraciones, gráficas ;
Dimensiones 21 cm
336 ## - TIPO DE CONTENIDO
Fuente rdacanten
Término de tipo de contenido texto
Código de tipo de contenido txt
337 ## - TIPO DE MEDIO
Fuente rdamedia
Nombre/término del tipo de medio sin medición
Código del tipo de medio n
338 ## - TIPO DE SOPORTE
Fuente rdacarrier
Nombre/término del tipo de soporte volumen
Código del tipo de soporte nc
500 ## - NOTA GENERAL
Nota general Incluye bibliografía y notas al pie de páginas.
504 ## - NOTA DE BIBLIOGRAFÍA, ETC.
Nota de bibliografía, etc. Bibliografía: páginas 209 -213
505 ## - NOTA DE CONTENIDO CON FORMATO
Nota de contenido con formato Dedicatoria.-- Epígrafe.-- Relaciones de Producción.-- En la sociedad dominicana.
Título I. Sector Industrial.--
-- II. Sector Agropecuario.--
-- III. Sobre la Tercera Sección.--
Información miscelánea Las Categoría Universales y la Investigación Social.
Título II El Nexo.-- III Metodología Universal.-- IV Práctica Unitaria.-- V Conclusiones.--
Información miscelánea Precisiones sobre el Método Dialectico.
Título I Unilateralidad.-- II Incomprensión del método Ascensional.-- III Desnaturalización.-- IV Ambigüedad.
Información miscelánea La Investigación Rural en República Dominicana.
Título I Documentación.-- II Elecciones de un método.-- III Una coyuntura Potencial.--
Información miscelánea Un Desarrollo sin Desarrollo.
Título La Metodología Desarrollista.-- II Las Tesis Desarrollista.-- III Bases para una Táctica Antidesarrollista en República Dominicana.-- IV Conclusiones.--
Información miscelánea Bases para el Análisis Político Coyuntural.
Título I Enfoque Global.-- II La Formación Social Dominicana.-- III La Coyuntura Electoral.--
Información miscelánea Índice de Cuadros.--Bibliografía Consultada.-- Índice Genral.
590 ## - NOTA LOCAL (RLIN)
Nota local Inventariado 2023 / MF
700 1# - PUNTO DE ACCESO ADICIONAL--NOMBRE DE PERSONA
Nombre de persona Gómez, Luis,
Término indicativo de función/relación comp.
9 (RLIN) 9238
942 ## - ELEMENTOS DE PUNTO DE ACCESO ADICIONAL (KOHA)
Fuente del sistema de clasificación o colocación Dewey Decimal Classification
Tipo de ítem Koha Libro
Existencias
Estado de retiro Estado de pérdida Fuente del sistema de clasificación o colocación Restricciones de uso No para préstamo Código de colección Localización permanente Ubicación/localización actual Ubicación en estantería Fecha de adquisición Fuente de adquisición Total de préstamos Signatura topográfica completa Código de barras Fecha visto por última vez Precio válido a partir de Tipo de ítem Koha
    Dewey Decimal Classification Excluido de préstamo   Patrimonio Dominicano Biblioteca Nacional Pedro Henríquez Ureña Biblioteca Nacional Pedro Henríquez Ureña En catalogación 07.07.2013 Donado por INTEC   E19p 1975 2023-3169 07.07.2023 07.07.2023 Libro

Con tecnología Koha